000 01013naa a22003017a 4500
001 BR7806101
003 BR-BrBNA
005 20240918174226.0
007 ta
008 230509b bl.||||| |||| 00| 0 por d
040 _aBR-BrBNA
_bpor
_cBiblioteca Nacional de Agricultura
041 _a(Pt)
072 _aA50; F00
_b2120
_bG514
090 _aA50 BR7806101
110 1 _aEmpresa de Pesquisa Agropecuaria do Ceara, Fortaleza (Brasil)
245 1 _aProjeto pesquisa com cafe [Coffea spp., Ceara, Brasil]
260 3 _aFortaleza, CE (Brasil):
_c1978.
500 _aProjetos administracao e pesquisa 1979/80 Fortaleza, CE (Brasil): 1978. p. 32-39 (BR7806101-AM)A50
650 _aPROJETO DE PESQUISA
650 _aPROJETO AGRICOLA
650 _aCAFE
650 _aORCAMENTO
650 _aFINANCIAMENTO
650 _aCEARA
773 0 _tProjetos administracao e pesquisa 1979/80
_wA50 BR7806101
_gFortaleza, CE (Brasil), 1978. p. 32-39
909 _a202404
_bLucia
_c55
_dLucia Elande
942 _cAM
_2AGRIS
999 _c309715
_d309715